Vật lý đại cương : Dùng cho các trường đại học khối kỹ thuật công nghiệp
Tài liệu trình bày các vấn đề cơ sở lý thuyết quang học, và vật lí nguyên tử và hạt nhân.
Bewaard in:
| Hoofdauteur: | |
|---|---|
| Formaat: | Boek |
| Taal: | Undetermined |
| Gepubliceerd in: |
Hà Nội
Giáo Dục
2006
|
| Onderwerpen: | |
| Tags: |
Voeg label toe
Geen labels, Wees de eerste die dit record labelt!
|
| Thư viện lưu trữ: | Trung tâm Học liệu Trường Đại học Cần Thơ |
|---|
| LEADER | 00940nam a2200241Ia 4500 | ||
|---|---|---|---|
| 001 | CTU_120270 | ||
| 008 | 210402s9999 xx 000 0 und d | ||
| 020 | |c 12800 | ||
| 082 | |a 530 | ||
| 082 | |b B312/T.3/P.1 | ||
| 100 | |a Lương, Duyên Bình | ||
| 245 | 0 | |a Vật lý đại cương : | |
| 245 | 0 | |b Dùng cho các trường đại học khối kỹ thuật công nghiệp | |
| 245 | 0 | |c Lương Duyên Bình | |
| 260 | |a Hà Nội | ||
| 260 | |b Giáo Dục | ||
| 260 | |c 2006 | ||
| 520 | |a Tài liệu trình bày các vấn đề cơ sở lý thuyết quang học, và vật lí nguyên tử và hạt nhân. | ||
| 526 | |a Điện và quang đại cương,TT. Quang học,Quang học,Vật lý đại cương | ||
| 526 | |b TN016,SP140,SP139,TN048 | ||
| 650 | |a Optics,Nuclear physics | ||
| 904 | |i Minh | ||
| 980 | |a Trung tâm Học liệu Trường Đại học Cần Thơ | ||